Central Library OPAC University of Rajshahi

চাঁপাইনবাবগঞ্জ অঞ্চলে ইসলাম প্রচার ও সমাজ সংস্কারে আলিমদের ভূমিকা (১৯০০-২০০৬ খ্রীষ্টাব্দ) / (Record no. 81170)

MARC details
000 -LEADER
fixed length control field 02565nam a2200313 a 4500
001 - CONTROL NUMBER
RUCL Control Number 81170
003 - CONTROL NUMBER IDENTIFIER
rucl marc code BD-RjUL
005 - DATE AND TIME OF LATEST TRANSACTION
control field 20230215154719.0
008 - FIXED-LENGTH DATA ELEMENTS--GENERAL INFORMATION
fixed length control field 230205s2014 bg a|||| m||| 00| 0 ben d
035 ## - SYSTEM CONTROL NUMBER
system control number (BD-RjUL)81170
040 ## - CATALOGING SOURCE
Original cataloging agency BD-RjUL
Language of cataloging ben/eng
Transcribing agency BD-RjUL
Modifying agency BD-RjUL
041 ## - LANGUAGE CODE
Language code of Book ben
082 ## - DEWEY DECIMAL CLASSIFICATION NUMBER
DDC Edition number 23
Classification number 297.74095492
Author mark and Year ALC 2014
100 ## - MAIN ENTRY--PERSONAL NAME
Personal name আলী, মো. কেরামত
9 (RLIN) 6838
245 10 - TITLE STATEMENT
Title চাঁপাইনবাবগঞ্জ অঞ্চলে ইসলাম প্রচার ও সমাজ সংস্কারে আলিমদের ভূমিকা (১৯০০-২০০৬ খ্রীষ্টাব্দ) /
Statement of responsibility, etc মো. কেরামত আলী ;
Name of Supervisor/Co-Supervisor প্রিন্সিপ্যাল সুপারভাইজার : মুহাম্মদ ইকরামুল ইসলাম ; কো-সুপারভাইজার: মু. আবদুল হক
260 ## - PUBLICATION, DISTRIBUTION, ETC. (IMPRINT)
Place of publication, distribution, etc রাজশাহী :
Name of publisher, distributor, etc আরবী বিভাগ, রাজশাহী বিশ্ববিদ্যালয়,
Date of publication, distribution, etc ২০১৪
300 ## - PHYSICAL DESCRIPTION
Pagination [১], ix, ২০৭ পাতা :
Other physical details চিত্র.;
Dimensions ২৯ সেমি.
502 ## - DISSERTATION NOTE
Dissertation note থিসিস ( পিএইচ, ডি.) -- আরবী বিভাগ, রাজশাহী বিশ্ববিদ্যালয়,২০১৪
504 ## - BIBLIOGRAPHY, ETC. NOTE
Bibliography, etc গ্রন্থপঞ্জি ; পাতা ২৫২-২৬০
650 ## - SUBJECT ADDED ENTRY--TOPICAL TERM
Topical term or geographic name as entry element ইসলাম
Geographic subdivision বাংলাদেশ
-- চাঁপাইনবাবগঞ্জ অঞ্চল
Chronological subdivision ১৯০০-২০০৬ খ্রিষ্টাব্দ
9 (RLIN) 6839
Topical term or geographic name as entry element Islam
Geographic subdivision Bangladesh
-- Chapainawabganj Region
Chronological subdivision 1900-2006 A.D.
9 (RLIN) 7014
Topical term or geographic name as entry element ইসলামী ধর্মীয় শিক্ষা
Geographic subdivision বাংলাদেশ
-- চাঁপাইনবাবগঞ্জ অঞ্চল
Chronological subdivision ১৯০০-২০০৬ খ্রিষ্টাব্দ
9 (RLIN) 7015
Topical term or geographic name as entry element Islamic religious education
Geographic subdivision Bangladesh
-- Chapainawabganj Region
Chronological subdivision 1900-2006 A.D.
9 (RLIN) 7016
Topical term or geographic name as entry element মাদ্রাসা
Geographic subdivision বাংলাদেশ
-- চাঁপাইনবাবগঞ্জ অঞ্চল
Chronological subdivision ১৯০০-২০০৬ খ্রিষ্টাব্দ
9 (RLIN) 7017
Topical term or geographic name as entry element Madrasahs
Geographic subdivision Bangladesh
-- Chapainawabganj Region
Chronological subdivision 1900-2006 A.D.
9 (RLIN) 7018
700 ## - ADDED ENTRY--SUPERVISOR/CO-SUPERVISOR NAME
Personal name ইসলাম, মুহাম্মদ ইকরামুল, প্রিন্সিপ্যাল সুপারভাইজার
9 (RLIN) 6841
Personal name হক, মু. আবদুল, কো-সুপারভাইজার
9 (RLIN) 6842
942 ## - ADDED ENTRY ELEMENTS (KOHA)
Source of classification or shelving scheme Dewey Decimal Classification
Koha item type Theses
Holdings
Source of classification or shelving scheme Damaged status Not for loan Collection code Permanent Location Current Location Shelving location Date of accession Source of acquisition Full call number Barcode Date last seen Copy number Thesis
Dewey Decimal Classification   Not For Loan Theses Central Library, University of Rajshahi Central Library, University of Rajshahi Documentation Section 25/11/2015 Controller of Exam. R.U. BTHE 297.74095492 ALC 2014 D3829 05/02/2023 C-1 Theses